Intercultural communication - new challenges and approaches

Interkultúrna komunikácia ako "horúca" téma súčasnej doby. Chápanie sveta a komunikácie v minulosti a súčasnosti. Chápanie rozdielov a vzťahov medzi jednotou a rozdielmi medzi národmi sú nevyhnutným predpokladom rozvoja interkultúrnej komunikácie. Internacionalizácia vyžaduje, aby si ľudia rôznych k...

ver descrição completa

Na minha lista:
Detalhes bibliográficos
Autor principal: Bláhová, Mária
Formato: Capítulo de Livro
Idioma:inglês
Assuntos:
Tags: Adicionar Tag
Sem tags, seja o primeiro a adicionar uma tag!

MARC

LEADER 00000naa$a2200000$$$4500
001 0080500
005 20240502083217.6
041 0 |a eng 
044 |a RU 
245 1 0 |a Intercultural communication - new challenges and approaches  |c Mária Bláhová 
520 |a Interkultúrna komunikácia ako "horúca" téma súčasnej doby. Chápanie sveta a komunikácie v minulosti a súčasnosti. Chápanie rozdielov a vzťahov medzi jednotou a rozdielmi medzi národmi sú nevyhnutným predpokladom rozvoja interkultúrnej komunikácie. Internacionalizácia vyžaduje, aby si ľudia rôznych kultúr uvedomovali potrebu vzájomnej spolupatričnosti. 
610 2 0 |a komunikácia 
610 2 0 |a komunikácia multikultúrna 
610 2 0 |a internacionalizácia 
610 2 0 |a spolupráca medzinárodná 
610 2 0 |a integrácia 
100 1 |a Bláhová, Mária